[Event "17. Obert Int. Sant Marti 2015"]
[Site "Barcelona ESP"]
[Date "2015.07.21"]
[Round "9.7"]
[White "Ghosh, Diptayan"]
[Black "Swapnil, S. Dhopade"]
[Result "1-0"]
[WhiteElo "2523"]
[BlackElo "2453"]
[PlyCount "89"]
[EventDate "2015.07.13"]
[EventType "swiss"]
[EventRounds "9"]
[EventCountry "ESP"]
[SourceTitle "Ajedrez en Madrid"]
[Source "lmi"]
[SourceDate "2013.07.13"]
[SourceVersion "1"]
[SourceVersionDate "2019.06.24"]
[SourceQuality "1"]

1. d4 Nf6 2. c4 e6 3. Nf3 d5 4. g3 dxc4 5. Bg2 Nc6 6. Qa4 Bb4+ 7. Bd2 Bd6 8.
O-O O-O 9. Qxc4 e5 10. d5 Ne7 11. Nc3 h6 12. Rfd1 a6 13. a3 Bf5 14. e4 Bd7 15.
Qe2 Qb8 16. h3 c6 17. dxc6 Bxc6 18. Nh4 Bc5 19. Be3 Qa7 20. Nd5 Bxd5 21. Bxc5
Qxc5 22. exd5 Qd6 23. Re1 Nd7 24. Nf3 Ng6 25. h4 Rfe8 26. Nd2 Rad8 27. Nc4 Qb8
28. Rad1 Ngf8 29. Rd3 Nc5 30. Re3 Nfd7 31. b4 Na4 32. d6 b6 33. Qc2 Rc8 34.
Qxa4 b5 35. Qxa6 bxc4 36. Bh3 Red8 37. Rc1 Qa8 38. Qxa8 Rxa8 39. Rxc4 Nf6 40.
Rc6 e4 41. b5 Ne8 42. d7 Nf6 43. Rc8 Kf8 44. Rec3 Ke7 45. Rxa8 1-0

[Event "17. Obert Int. Sant Marti 2015"]
[Site "Barcelona ESP"]
[Date "2015.07.21"]
[Round "9.8"]
[White "Gomez Garrido, Camilo Ernesto"]
[Black "Das, Sayantan"]
[Result "1-0"]
[WhiteElo "2519"]
[BlackElo "2444"]
[PlyCount "115"]
[EventDate "2015.07.13"]
[EventType "swiss"]
[EventRounds "9"]
[EventCountry "ESP"]
[SourceTitle "Ajedrez en Madrid"]
[Source "lmi"]
[SourceDate "2013.07.13"]
[SourceVersion "1"]
[SourceVersionDate "2019.06.24"]
[SourceQuality "1"]

1. e4 e6 2. d4 d5 3. Nd2 c5 4. exd5 Qxd5 5. Ngf3 cxd4 6. Bc4 Qd6 7. O-O Nf6 8.
Nb3 Nc6 9. Nbxd4 Nxd4 10. Nxd4 Be7 11. c3 O-O 12. Re1 Qc7 13. Qe2 Bd7 14. Bb3
Bd6 15. h3 Bh2+ 16. Kh1 Bf4 17. Bxf4 Qxf4 18. Rad1 Rfe8 19. Kg1 a6 20. Nf3 Bc6
21. Qe5 Qxe5 22. Nxe5 Rec8 23. Rd4 Be8 24. g4 Rc7 25. Red1 h6 26. h4 Kf8 27. g5
hxg5 28. hxg5 Nh5 29. Rh4 Rc5 30. Re1 g6 31. Rd4 Ng7 32. Bc2 Ke7 33. f4 Rd8 34.
Rxd8 Kxd8 35. Kf2 Ke7 36. Ke3 Nh5 37. c4 Rc8 38. Be4 Rc7 39. b4 Ng3 40. Bd3 Bc6
41. Rg1 Nh5 42. Ra1 Ba4 43. a3 Rc8 44. Ra2 Rd8 45. Rh2 Rg8 46. c5 Bc6 47. Be2
Rh8 48. Bg4 a5 49. bxa5 Bd5 50. a4 Kf8 51. a6 bxa6 52. c6 Ke7 53. Rb2 Rc8 54.
Rb7+ Ke8 55. Rxf7 Rxc6 56. Bxh5 gxh5 57. g6 Rc3+ 58. Kd4 1-0

[Event "17. Obert Int. Sant Marti 2015"]
[Site "Barcelona ESP"]
[Date "2015.07.21"]
[Round "9.9"]
[White "Oliva Castaneda, Kevel"]
[Black "Gonzalez Perez, Arian"]
[Result "1/2-1/2"]
[WhiteElo "2488"]
[BlackElo "2440"]
[PlyCount "65"]
[EventDate "2015.07.13"]
[EventType "swiss"]
[EventRounds "9"]
[EventCountry "ESP"]
[SourceTitle "Ajedrez en Madrid"]
[Source "lmi"]
[SourceDate "2013.07.13"]
[SourceVersion "1"]
[SourceVersionDate "2019.06.24"]
[SourceQuality "1"]

1. Nf3 Nf6 2. c4 g6 3. Nc3 Bg7 4. e4 d6 5. d4 O-O 6. Be2 e5 7. O-O exd4 8. Nxd4
Re8 9. f3 c6 10. Kh1 Nbd7 11. Bg5 h6 12. Be3 a6 13. Qd2 Kh7 14. Rad1 Qc7 15.
Nb3 Bf8 16. Qc2 b6 17. f4 b5 18. Nd2 b4 19. Ncb1 c5 20. Bf3 Bb7 21. Rfe1 Bc6
22. Bf2 Qb7 23. Re2 Re6 24. Rde1 Rae8 25. Kg1 Bg7 26. Qd3 Kg8 27. Qc2 Qa8 28.
Bg3 a5 29. h3 R6e7 30. Qd3 Re6 31. Qc2 R6e7 32. Qd3 Re6 33. Qc2 1/2-1/2

[Event "17. Obert Int. Sant Marti 2015"]
[Site "Barcelona ESP"]
[Date "2015.07.21"]
[Round "9.10"]
[White "Ducarmon, Quinten"]
[Black "Puranik, Abhimanyu"]
[Result "1/2-1/2"]
[WhiteElo "2475"]
[BlackElo "2328"]
[PlyCount "101"]
[EventDate "2015.07.13"]
[EventType "swiss"]
[EventRounds "9"]
[EventCountry "ESP"]
[SourceTitle "Ajedrez en Madrid"]
[Source "lmi"]
[SourceDate "2013.07.13"]
[SourceVersion "1"]
[SourceVersionDate "2019.06.24"]
[SourceQuality "1"]

1. e4 e6 2. d4 d5 3. Nc3 Bb4 4. a3 Bxc3+ 5. bxc3 dxe4 6. Qg4 Nf6 7. Qxg7 Rg8 8.
Qh6 Rg6 9. Qe3 b6 10. Nh3 Bb7 11. Nf4 Rg8 12. Bb5+ c6 13. Be2 Nbd7 14. O-O Qc7
15. Qh3 O-O-O 16. a4 a5 17. Rb1 Rg7 18. c4 c5 19. d5 e5 20. Nh5 Nxh5 21. Bxh5
Rdg8 22. g3 Qd6 23. f4 exf3 24. Rxf3 Kc7 25. Rxf7 Rxf7 26. Bxf7 Rg7 27. Be6 Ba6
28. Bh6 Rg6 29. Rf1 Bxc4 30. Rf7 Rxe6 31. Qxe6 Bxd5 32. Qxd6+ Kxd6 33. Rf1 Be4
34. Rd1+ Kc7 35. c3 Bc6 36. Ra1 Kd6 37. c4 Be4 38. Rd1+ Ke6 39. Bg5 Bc2 40. Ra1
Bb3 41. Bd8 Bxc4 42. Rb1 Bd3 43. Rxb6+ Nxb6 44. Bxb6 Kd5 45. Bxa5 Bc2 46. Kf2
Bxa4 47. Ke3 Bd7 48. Bc3 Bf5 49. Bb2 e4 50. Bf6 Kc4 51. Be7 1/2-1/2

[Event "17. Obert Int. Sant Marti 2015"]
[Site "Barcelona ESP"]
[Date "2015.07.21"]
[Round "9.11"]
[White "Pardo Simon, David"]
[Black "Rios, Cristhian Camilo"]
[Result "1/2-1/2"]
[WhiteElo "2468"]
[BlackElo "2435"]
[PlyCount "90"]
[EventDate "2015.07.13"]
[EventType "swiss"]
[EventRounds "9"]
[EventCountry "ESP"]
[SourceTitle "Ajedrez en Madrid"]
[Source "lmi"]
[SourceDate "2013.07.13"]
[SourceVersion "1"]
[SourceVersionDate "2019.06.24"]
[SourceQuality "1"]

1. d4 Nf6 2. Nf3 e6 3. e3 b6 4. Bd3 Bb7 5. O-O c5 6. c4 cxd4 7. exd4 d6 8. Nc3
Be7 9. d5 e5 10. Nh4 g6 11. f4 e4 12. Bc2 Qc8 13. Qd4 Nbd7 14. b4 a5 15. Bb2
axb4 16. Nxe4 Bxd5 17. cxd5 Qxc2 18. Rfe1 O-O 19. Rac1 Qa4 20. Nf2 Bd8 21. g4
Ra5 22. g5 Rxd5 23. Qe3 b5 24. Bxf6 Nxf6 25. gxf6 Bxf6 26. Nf3 Qxa2 27. Ne4 Bg7
28. Rb1 Qc4 29. Rec1 Qd3 30. Qxd3 Rxd3 31. Kg2 b3 32. Rc6 Re8 33. Nf2 Rde3 34.
Rxd6 h5 35. Nd4 Bh6 36. f5 Bf4 37. Rd7 R8e5 38. fxg6 Rg5+ 39. Kf1 Rxg6 40. Nf5
Bxh2 41. Rd8+ Kh7 42. Nxe3 Rg1+ 43. Ke2 Rxb1 44. Rd5 Bg1 45. Nd3 Bxe3 1/2-1/2

[Event "17. Obert Int. Sant Marti 2015"]
[Site "Barcelona ESP"]
[Date "2015.07.21"]
[Round "9.12"]
[White "Erdogdu, Mert"]
[Black "Cuartas, Jaime Alexander"]
[Result "1-0"]
[WhiteElo "2426"]
[BlackElo "2503"]
[PlyCount "141"]
[EventDate "2015.07.13"]
[EventType "swiss"]
[EventRounds "9"]
[EventCountry "ESP"]
[SourceTitle "Ajedrez en Madrid"]
[Source "lmi"]
[SourceDate "2013.07.13"]
[SourceVersion "1"]
[SourceVersionDate "2019.06.24"]
[SourceQuality "1"]

1. e4 c5 2. Nf3 e6 3. d4 cxd4 4. Nxd4 a6 5. c4 Nf6 6. Nc3 Bb4 7. Qd3 Qc7 8. a3
Bxc3+ 9. Qxc3 O-O 10. f3 d6 11. Be2 e5 12. Nc2 Be6 13. Ne3 Rc8 14. O-O Nc6 15.
Rd1 Nd4 16. Rxd4 exd4 17. Qxd4 Qc5 18. Qxc5 Rxc5 19. Bd2 Rc6 20. a4 a5 21. Bc3
Nd7 22. g4 Ne5 23. b3 Nd7 24. Bd1 f6 25. h4 h6 26. h5 Nc5 27. Ra2 Rb6 28. Ra3
Nd3 29. Kf1 Nc5 30. Ke2 Rba6 31. Bc2 Re8 32. Ra1 Rb6 33. Ra3 Ra6 34. Kd2 Rea8
35. Ra1 Rb6 36. Rb1 Kf8 37. Bd4 Rc6 38. Rg1 Re8 39. Kc3 Rec8 40. Kb2 Bf7 41.
Bc3 b6 42. Kb1 Be6 43. Bb2 R6c7 44. Ng2 b5 45. axb5 a4 46. Nf4 axb3 47. Nxe6+
Nxe6 48. Bxb3 Nc5 49. Ba2 Na4 50. Bd4 Rxc4 51. Bxc4 Rxc4 52. Rd1 Rb4+ 53. Kc2
Rxb5 54. Rb1 Ra5 55. Rb8+ Ke7 56. Rb7+ Kf8 57. Ra7 Rxa7 58. Bxa7 Ke7 59. Kb3
Nc5+ 60. Bxc5 dxc5 61. Kc4 Kd6 62. f4 Kc6 63. e5 Kd7 64. Kxc5 Ke6 65. Kd4 Ke7
66. Kd5 Kd7 67. e6+ Ke7 68. f5 Ke8 69. Kd6 Kd8 70. e7+ Ke8 71. Ke6 1-0

[Event "17. Obert Int. Sant Marti 2015"]
[Site "Barcelona ESP"]
[Date "2015.07.21"]
[Round "9.13"]
[White "Peralta, Fernando"]
[Black "Satyapragyan, Swayangsu"]
[Result "1/2-1/2"]
[WhiteElo "2556"]
[BlackElo "2392"]
[PlyCount "53"]
[EventDate "2015.07.13"]
[EventType "swiss"]
[EventRounds "9"]
[EventCountry "ESP"]
[SourceTitle "Ajedrez en Madrid"]
[Source "lmi"]
[SourceDate "2013.07.13"]
[SourceVersion "1"]
[SourceVersionDate "2019.06.24"]
[SourceQuality "1"]

1. d4 Nf6 2. c4 e6 3. Nc3 Bb4 4. e3 d5 5. a3 Bxc3+ 6. bxc3 c6 7. Bd3 O-O 8. Ne2
b6 9. cxd5 cxd5 10. c4 Ba6 11. cxd5 Bxd3 12. Qxd3 Qxd5 13. f3 Rc8 14. Bb2 Nbd7
15. e4 Ne5 16. Qd1 Qa5+ 17. Kf2 Nc4 18. Bc3 Qg5 19. Qd3 Nd7 20. a4 a6 21. Rab1
Rab8 22. Rb4 b5 23. axb5 axb5 24. Rhb1 Rd8 25. f4 Qg6 26. Ng3 Nf6 27. Qf3
1/2-1/2

[Event "17. Obert Int. Sant Marti 2015"]
[Site "Barcelona ESP"]
[Date "2015.07.21"]
[Round "9.15"]
[White "Thejkumar, M. S.."]
[Black "Morales, Jhon Alexander"]
[Result "1/2-1/2"]
[WhiteElo "2467"]
[BlackElo "2308"]
[PlyCount "131"]
[EventDate "2015.07.13"]
[EventType "swiss"]
[EventRounds "9"]
[EventCountry "ESP"]
[SourceTitle "Ajedrez en Madrid"]
[Source "lmi"]
[SourceDate "2013.07.13"]
[SourceVersion "1"]
[SourceVersionDate "2019.06.24"]
[SourceQuality "1"]

1. d4 Nf6 2. c4 c5 3. d5 b5 4. Qc2 bxc4 5. e4 e6 6. Bxc4 exd5 7. exd5 d6 8. Nc3
Be7 9. Nge2 O-O 10. O-O Nbd7 11. b3 Nb6 12. Bb2 Re8 13. Ng3 Bf8 14. Rad1 Nxc4
15. bxc4 Rb8 16. Ba1 Bd7 17. Rb1 Qe7 18. h3 Rb4 19. Qd3 a6 20. a3 Rbb8 21. Qd2
Qd8 22. Rxb8 Qxb8 23. Qc2 Qc7 24. Nce4 Nxe4 25. Nxe4 Qd8 26. f3 f5 27. Ng3 Qg5
28. Kh2 Qf4 29. Bb2 a5 30. Bc1 Qe5 31. Bd2 f4 32. Ne4 a4 33. Qc1 Qf5 34. Bxf4
Qg6 35. Re1 Bf5 36. Qc2 Rb8 37. Qxa4 Rb2 38. Ng3 Bd3 39. Qd7 Bxc4 40. Re8 Bb5
41. Rxf8+ Kxf8 42. Bxd6+ Kg8 43. Qc8+ Qe8 44. Qxc5 h6 45. Qd4 Rc2 46. Be5 Qg6
47. Qg4 Bd3 48. d6 Qxg4 49. hxg4 Bb5 50. Nf5 g6 51. Nxh6+ Kf8 52. g5 Bf1 53.
Kg3 Rxg2+ 54. Kf4 Ra2 55. Bf6 Ke8 56. Ng4 Bh3 57. Ne5 Bf5 58. d7+ Bxd7 59. Nxg6
Rxa3 60. Ne5 Ra4+ 61. Kg3 Bf5 62. Bh8 Kf8 63. Bf6 Ke8 64. Bh8 Kf8 65. Bf6 Ke8
66. Bh8 1/2-1/2

[Event "17. Obert Int. Sant Marti 2015"]
[Site "Barcelona ESP"]
[Date "2015.07.21"]
[Round "9.16"]
[White "Narayanan, Srinath"]
[Black "Dalo, Hermes"]
[Result "1-0"]
[WhiteElo "2464"]
[BlackElo "2274"]
[PlyCount "69"]
[EventDate "2015.07.13"]
[EventType "swiss"]
[EventRounds "9"]
[EventCountry "ESP"]
[SourceTitle "Ajedrez en Madrid"]
[Source "lmi"]
[SourceDate "2013.07.13"]
[SourceVersion "1"]
[SourceVersionDate "2019.06.24"]
[SourceQuality "1"]

1. e4 c5 2. Nf3 e6 3. d4 cxd4 4. Nxd4 Nf6 5. Nc3 d6 6. g4 h6 7. h3 Nc6 8. Bg2
a6 9. Be3 Ne5 10. Qe2 g5 11. O-O-O Bd7 12. f4 gxf4 13. Bxf4 Rc8 14. Qe1 Be7 15.
Nf3 Nc4 16. e5 Qa5 17. Rd4 Nxb2 18. Kxb2 dxe5 19. Bxe5 Qa3+ 20. Ka1 Rxc3 21.
Qd2 Bb5 22. Rd1 O-O 23. g5 Nd5 24. Rg4 h5 25. g6 Re3 26. gxf7+ Kxf7 27. Ng5+
Bxg5 28. Rxg5 Bc4 29. Rf1+ Ke8 30. Rxf8+ Kxf8 31. Bd6+ Qxd6 32. Bxd5 Qf4 33.
Qb4+ Ke8 34. Rg8+ Kd7 35. Rg7+ 1-0

[Event "17. Obert Int. Sant Marti 2015"]
[Site "Barcelona ESP"]
[Date "2015.07.21"]
[Round "9.17"]
[White "Roy, Prantik"]
[Black "Froewis, Georg"]
[Result "1/2-1/2"]
[WhiteElo "2292"]
[BlackElo "2434"]
[PlyCount "48"]
[EventDate "2015.07.13"]
[EventType "swiss"]
[EventRounds "9"]
[EventCountry "ESP"]
[SourceTitle "Ajedrez en Madrid"]
[Source "lmi"]
[SourceDate "2013.07.13"]
[SourceVersion "1"]
[SourceVersionDate "2019.06.24"]
[SourceQuality "1"]

1. d4 e6 2. c4 d5 3. Nc3 c6 4. e4 dxe4 5. Nxe4 Bb4+ 6. Bd2 Qxd4 7. Bxb4 Qxe4+
8. Ne2 Na6 9. Bf8 Ne7 10. Bxg7 Rg8 11. Qd4 Qxd4 12. Bxd4 c5 13. Bc3 Nb4 14.
Bxb4 cxb4 15. g3 Bd7 16. Bg2 Rc8 17. Bxb7 Rxc4 18. Kd2 Rc7 19. Bg2 Rg5 20. Rhc1
Rxc1 21. Rxc1 Ra5 22. Rc4 Rxa2 23. Rxb4 Bc6 24. Nc3 Ra5 1/2-1/2

[Event "17. Obert Int. Sant Marti 2015"]
[Site "Barcelona ESP"]
[Date "2015.07.21"]
[Round "9.19"]
[White "Vassallo Barroche, Mauricio"]
[Black "Minko, Vladimir"]
[Result "1/2-1/2"]
[WhiteElo "2430"]
[BlackElo "2226"]
[PlyCount "94"]
[EventDate "2015.07.13"]
[EventType "swiss"]
[EventRounds "9"]
[EventCountry "ESP"]
[SourceTitle "Ajedrez en Madrid"]
[Source "lmi"]
[SourceDate "2013.07.13"]
[SourceVersion "1"]
[SourceVersionDate "2019.06.24"]
[SourceQuality "1"]

1. Nf3 c5 2. b3 Nc6 3. Bb2 Nf6 4. c4 e6 5. g3 d5 6. Bg2 d4 7. O-O Be7 8. d3 O-O
9. e3 e5 10. exd4 exd4 11. Na3 Bf5 12. Nc2 Qd7 13. b4 Bh3 14. b5 Nd8 15. Ne5
Qf5 16. Re1 Bxg2 17. Kxg2 Bd6 18. Qf3 Qxf3+ 19. Nxf3 Ne6 20. a4 Rfe8 21. Bc1
Nf8 22. Ba3 Rad8 23. Rxe8 Nxe8 24. Re1 Nf6 25. Na1 Re8 26. Nb3 Rxe1 27. Nxe1
Ne6 28. Nf3 Ne8 29. Na5 Nd8 30. Bc1 b6 31. Nb3 Ne6 32. Ng5 Nxg5 33. Bxg5 f6 34.
Bd2 Kf7 35. a5 Ke6 36. Kf3 f5 37. Bg5 h6 38. Bd8 Bc7 39. Bxc7 Nxc7 40. h4 g6
41. a6 Ne8 42. g4 fxg4+ 43. Kxg4 Nf6+ 44. Kf4 Nd7 45. Ke4 Nf6+ 46. Kf4 Nd7 47.
Ke4 Nf6+ 1/2-1/2

[Event "17. Obert Int. Sant Marti 2015"]
[Site "Barcelona ESP"]
[Date "2015.07.21"]
[Round "9.20"]
[White "Codenotti, Marco"]
[Black "Chirivi C, Jenny Astrid"]
[Result "0-1"]
[WhiteElo "2421"]
[BlackElo "2218"]
[PlyCount "106"]
[EventDate "2015.07.13"]
[EventType "swiss"]
[EventRounds "9"]
[EventCountry "ESP"]
[SourceTitle "Ajedrez en Madrid"]
[Source "lmi"]
[SourceDate "2013.07.13"]
[SourceVersion "1"]
[SourceVersionDate "2019.06.24"]
[SourceQuality "1"]

1. e4 c5 2. Nf3 e6 3. d4 cxd4 4. Nxd4 a6 5. c4 Nf6 6. Nc3 Qc7 7. a3 b6 8. Be2
Bb7 9. f3 Nc6 10. Be3 Nxd4 11. Qxd4 Bc5 12. Qd2 Bxe3 13. Qxe3 d6 14. O-O Qc5
15. Qxc5 dxc5 16. e5 Nd7 17. f4 Ke7 18. Bf3 Bxf3 19. Rxf3 g5 20. g3 Rhg8 21.
Kf2 gxf4 22. gxf4 Rg4 23. h3 Rg6 24. Ne4 Rag8 25. Rd1 Rg2+ 26. Ke3 f5 27. Nf2
h5 28. Ke2 R8g3 29. Rfd3 Rxd3 30. Rxd3 Rg1 31. Nd1 h4 32. b4 Rg2+ 33. Nf2 Rg1
34. Nd1 Rg2+ 35. Kf1 Ra2 36. Rb3 Rd2 37. Ne3 Rd4 38. Ng2 Rxc4 39. bxc5 bxc5 40.
Ke2 Rc2+ 41. Kf3 c4 42. Re3 Nb6 43. Nxh4 Nd5 44. Re1 Rc3+ 45. Kf2 Nxf4 46. Re3
Nxh3+ 47. Kf3 Rb3 48. Ke2 Nf4+ 49. Kd2 Rb2+ 50. Kc1 Rh2 51. Nf3 Rh3 52. a4 Nd3+
53. Kd2 f4 0-1

[Event "17. Obert Int. Sant Marti 2015"]
[Site "Barcelona ESP"]
[Date "2015.07.21"]
[Round "9.21"]
[White "Cruz, Filemon"]
[Black "Aguilar, Andres"]
[Result "1-0"]
[WhiteElo "2402"]
[BlackElo "2224"]
[PlyCount "187"]
[EventDate "2015.07.13"]
[EventType "swiss"]
[EventRounds "9"]
[EventCountry "ESP"]
[SourceTitle "Ajedrez en Madrid"]
[Source "lmi"]
[SourceDate "2013.07.13"]
[SourceVersion "1"]
[SourceVersionDate "2019.06.24"]
[SourceQuality "1"]

1. d4 Nf6 2. c4 g6 3. Nc3 Bg7 4. e4 d6 5. Be2 O-O 6. h4 h5 7. Nf3 Na6 8. Ng5 e5
9. d5 c6 10. Be3 cxd5 11. cxd5 Bd7 12. f3 Qa5 13. a3 Rfc8 14. Kf2 Qd8 15. Rc1
Nc7 16. a4 Nce8 17. Qb3 Rcb8 18. Rc2 Qe7 19. Nb1 Bh6 20. Bb5 Bc8 21. Rhc1 Nd7
22. Qa3 a6 23. Bf1 a5 24. Bb5 b6 25. Bxd7 Bxd7 26. Nd2 b5 27. axb5 Rxb5 28. Nc4
a4 29. b4 Qd8 30. Kf1 Qb8 31. Rb2 f5 32. exf5 Bxf5 33. Rd1 Qb7 34. Kf2 Ra6 35.
Rdd2 Bxg5 36. hxg5 Rxd5 37. Rxd5 Qxd5 38. b5 Qxc4 39. bxa6 Qxa6 40. Rb4 Bd7 41.
Qa2+ Kf8 42. Rb6 Qd3 43. Rb7 Qf5 44. Ra7 Qe6 45. Qxe6 Bxe6 46. Rxa4 Ke7 47. Bc1
Bd7 48. Ra6 Ke6 49. Ba3 Bb5 50. Rb6 Bd7 51. g3 Kd5 52. Ke3 Be6 53. Bb4 Bd7 54.
Kd3 Bf5+ 55. Kc3 Bd7 56. Ba3 Bf5 57. Rb7 Kc6 58. Rf7 Nc7 59. Kd2 Ne6 60. Rf6
Kd7 61. g4 hxg4 62. fxg4 Be4 63. Ke3 Bc2 64. Rf2 Bd1 65. Rd2 Bxg4 66. Rxd6+ Ke8
67. Ra6 Bf5 68. Ra8+ Kd7 69. Ra7+ Kc6 70. Be7 Nc7 71. Bf6 Nd5+ 72. Kd2 e4 73.
Bd4 Kd6 74. Ra6+ Ke7 75. Bc5+ Kf7 76. Rd6 Nf4 77. Be3 Ne6 78. Rd7+ Ke8 79. Ra7
Nd8 80. Kc3 Bd7 81. Ra8 Bc6 82. Ra6 Kf7 83. Kd4 Bd7 84. Ke5 Bf5 85. Ra7+ Ke8
86. Kf6 Nc6 87. Rc7 Bd7 88. Rb7 Bf5 89. Rg7 Nb4 90. Re7+ Kf8 91. Re5 Kg8 92.
Bd4 Nd3 93. Re8+ Kh7 94. Ke7 1-0

[Event "17. Obert Int. Sant Marti 2015"]
[Site "Barcelona ESP"]
[Date "2015.07.21"]
[Round "9.22"]
[White "Juan Bartroli, Pau"]
[Black "Perpinya Rofes, Lluis Maria"]
[Result "1-0"]
[WhiteElo "2195"]
[BlackElo "2398"]
[PlyCount "117"]
[EventDate "2015.07.13"]
[EventType "swiss"]
[EventRounds "9"]
[EventCountry "ESP"]
[SourceTitle "Ajedrez en Madrid"]
[Source "lmi"]
[SourceDate "2013.07.13"]
[SourceVersion "1"]
[SourceVersionDate "2019.06.24"]
[SourceQuality "1"]

1. c4 g6 2. d4 Bg7 3. Nc3 Nf6 4. e4 d6 5. Be2 O-O 6. Bg5 h6 7. Be3 c5 8. e5
dxe5 9. dxe5 Qxd1+ 10. Rxd1 Ng4 11. Bxc5 Nc6 12. f4 b6 13. h3 bxc5 14. Bxg4
Bxg4 15. hxg4 f6 16. exf6 Bxf6 17. Nge2 Rab8 18. Rxh6 Kg7 19. g5 Bxc3+ 20. bxc3
Rb2 21. Rd2 Rfb8 22. Rh3 Rxd2 23. Kxd2 Rb2+ 24. Kd3 Rxa2 25. Re3 Kf7 26. g4 e6
27. Rh3 Kg7 28. Ng3 Rf2 29. Ke3 Rg2 30. Ne4 Rxg4 31. Nf6 Rg1 32. Rh7+ Kf8 33.
Rc7 Ne7 34. Nd7+ Ke8 35. Nxc5 e5 36. Rxa7 Rg3+ 37. Ke4 exf4 38. Nd7 Rxc3 39.
Ne5 Kf8 40. Kxf4 Rc1 41. Ra6 Rf1+ 42. Ke4 Re1+ 43. Kf4 Rf1+ 44. Nf3 Rc1 45. Nd2
Rc2 46. Ke3 Rc1 47. Kd3 Kf7 48. Nf3 Rd1+ 49. Ke4 Rc1 50. Ne5+ Kf8 51. Kd4 Rd1+
52. Kc5 Rg1 53. Nxg6+ Nxg6 54. Rxg6 Kf7 55. Rf6+ Ke7 56. Rf5 Ke6 57. Rd5 Rg4
58. Kb5 Rg1 59. Kc6 1-0

[Event "17. Obert Int. Sant Marti 2015"]
[Site "Barcelona ESP"]
[Date "2015.07.21"]
[Round "9.23"]
[White "Shyam, Sundar M."]
[Black "Deshpande, Aniruddha"]
[Result "1-0"]
[WhiteElo "2492"]
[BlackElo "2268"]
[PlyCount "61"]
[EventDate "2015.07.13"]
[EventType "swiss"]
[EventRounds "9"]
[EventCountry "ESP"]
[SourceTitle "Ajedrez en Madrid"]
[Source "lmi"]
[SourceDate "2013.07.13"]
[SourceVersion "1"]
[SourceVersionDate "2019.06.24"]
[SourceQuality "1"]

1. e4 d5 2. exd5 Qxd5 3. Nc3 Qd6 4. d4 Nf6 5. Nf3 c6 6. h3 Bf5 7. Ne5 Nbd7 8.
Nc4 Qc7 9. Qf3 Be6 10. Bf4 Qd8 11. O-O-O g6 12. Ne3 Nb6 13. d5 Bd7 14. dxc6
bxc6 15. Ba6 Bg7 16. Bb7 Rc8 17. Bxc8 Qxc8 18. Be5 Be6 19. Ne4 Nbd7 20. Nxf6+
Nxf6 21. Ng4 O-O 22. Nxf6+ exf6 23. Bxf6 Bh6+ 24. Kb1 Qa6 25. b3 Bd5 26. Qg3
Rc8 27. Bb2 Bg7 28. Bxg7 Kxg7 29. Rhe1 Qb7 30. Qc3+ Kg8 31. Qf6 1-0

[Event "17. Obert Int. Sant Marti 2015"]
[Site "Barcelona ESP"]
[Date "2015.07.21"]
[Round "9.24"]
[White "Akbarinia, Sayed Arash"]
[Black "Ossa, Orlando"]
[Result "0-1"]
[WhiteElo "2413"]
[BlackElo "2249"]
[PlyCount "70"]
[EventDate "2015.07.13"]
[EventType "swiss"]
[EventRounds "9"]
[EventCountry "ESP"]
[SourceTitle "Ajedrez en Madrid"]
[Source "lmi"]
[SourceDate "2013.07.13"]
[SourceVersion "1"]
[SourceVersionDate "2019.06.24"]
[SourceQuality "1"]

1. d4 Nf6 2. Nf3 g6 3. c4 Bg7 4. Nc3 O-O 5. Bg5 d6 6. e3 h6 7. Bh4 Nc6 8. d5
Nb8 9. Bd3 g5 10. Bg3 e5 11. Qc2 a5 12. Nd2 Na6 13. a3 Nc5 14. Bf5 e4 15. Bxc8
Nd3+ 16. Ke2 Qxc8 17. Ncxe4 Nxe4 18. Qxd3 Qg4+ 19. f3 Nxg3+ 20. hxg3 Qxg3 21.
Ne4 Qe5 22. Nc3 Rae8 23. Kd2 c6 24. Rae1 b5 25. dxc6 b4 26. axb4 axb4 27. Nd1
Rc8 28. Qd5 Qe8 29. f4 Rxc6 30. fxg5 Rc5 31. Qxd6 Qc8 32. Ke2 Rd8 33. Qf4 Rf5
34. Qe4 Qd7 35. Qc2 b3 0-1

[Event "17. Obert Int. Sant Marti 2015"]
[Site "Barcelona ESP"]
[Date "2015.07.21"]
[Round "9.25"]
[White "Matt, Fabian"]
[Black "Kessler, Luca"]
[Result "1-0"]
[WhiteElo "2258"]
[BlackElo "2364"]
[PlyCount "67"]
[EventDate "2015.07.13"]
[EventType "swiss"]
[EventRounds "9"]
[EventCountry "ESP"]
[SourceTitle "Ajedrez en Madrid"]
[Source "lmi"]
[SourceDate "2013.07.13"]
[SourceVersion "1"]
[SourceVersionDate "2019.06.24"]
[SourceQuality "1"]

1. e4 c6 2. c4 e5 3. Nf3 d6 4. Nc3 Nf6 5. d4 exd4 6. Qxd4 Be7 7. Bf4 O-O 8.
O-O-O Na6 9. Bxd6 Bxd6 10. Qxd6 Qa5 11. Be2 Be6 12. Kb1 Rab8 13. Nd4 Rfd8 14.
Nb3 Qb6 15. Qf4 Qb4 16. Rxd8+ Rxd8 17. e5 Nd7 18. Rd1 Re8 19. Ka1 Nac5 20. Nd4
Qa5 21. Kb1 Qc7 22. Nf3 f6 23. Re1 fxe5 24. Qg5 Bf7 25. Nh4 Nf6 26. Bd1 Bxc4
27. Bc2 b5 28. Re3 b4 29. Nd1 Kh8 30. Rh3 Be6 31. Nf5 Nce4 32. Bxe4 Nxe4 33.
Rxh7+ Kxh7 34. Qh5+ 1-0

[Event "17. Obert Int. Sant Marti 2015"]
[Site "Barcelona ESP"]
[Date "2015.07.21"]
[Round "9.26"]
[White "Konguvel, Ponnuswamy"]
[Black "Ayza Leon, David"]
[Result "1-0"]
[WhiteElo "2337"]
[BlackElo "2208"]
[PlyCount "65"]
[EventDate "2015.07.13"]
[EventType "swiss"]
[EventRounds "9"]
[EventCountry "ESP"]
[SourceTitle "Ajedrez en Madrid"]
[Source "lmi"]
[SourceDate "2013.07.13"]
[SourceVersion "1"]
[SourceVersionDate "2019.06.24"]
[SourceQuality "1"]

1. e4 e5 2. Nf3 Nc6 3. Bb5 a6 4. Ba4 Nf6 5. O-O Be7 6. Re1 b5 7. Bb3 Bb7 8. d3
d6 9. a4 Na5 10. Ba2 c5 11. Nbd2 O-O 12. Nf1 Re8 13. Bd2 Nc6 14. c3 Qd7 15. Ng3
Nd8 16. Nf5 Bf8 17. Bg5 d5 18. Bxf6 dxe4 19. N3h4 gxf6 20. Qg4+ Kh8 21. dxe4 c4
22. Rad1 Qc7 23. Ne3 Ne6 24. Nd5 Qd8 25. Nf5 Ra7 26. Nde7 Bxe7 27. Rxd8 Bxd8
28. Nd6 Rf8 29. Nxf7+ Rxf7 30. Qxe6 Kg7 31. Rd1 Ba5 32. Rd7 Bxe4 33. Qxf7+ 1-0

[Event "17. Obert Int. Sant Marti 2015"]
[Site "Barcelona ESP"]
[Date "2015.07.21"]
[Round "9.27"]
[White "Forsa, Espen"]
[Black "Shashikant, Kutwal"]
[Result "1-0"]
[WhiteElo "2304"]
[BlackElo "2202"]
[PlyCount "83"]
[EventDate "2015.07.13"]
[EventType "swiss"]
[EventRounds "9"]
[EventCountry "ESP"]
[SourceTitle "Ajedrez en Madrid"]
[Source "lmi"]
[SourceDate "2013.07.13"]
[SourceVersion "1"]
[SourceVersionDate "2019.06.24"]
[SourceQuality "1"]

1. e4 c5 2. Nf3 e6 3. g3 Nc6 4. Bg2 Nf6 5. Qe2 d6 6. O-O Be7 7. c3 O-O 8. d4
cxd4 9. cxd4 d5 10. e5 Ne4 11. Rd1 f6 12. exf6 Bxf6 13. Be3 Bd7 14. Nbd2 Nd6
15. Bf4 Nxd4 16. Nxd4 Bxd4 17. Nb3 Rxf4 18. Nxd4 Rf6 19. f4 Qb6 20. Kh1 Kh8 21.
Rac1 Raf8 22. Rc2 Nc4 23. b3 Na3 24. Rcc1 Nb5 25. Nf3 Nd6 26. Ne5 Bb5 27. Qe1
Nf5 28. Rd2 Ne3 29. Qg1 Rd8 30. a4 Ba6 31. b4 d4 32. b5 Qa5 33. Rd3 g5 34. fxg5
Rf5 35. Nf3 e5 36. Nh4 Rxg5 37. bxa6 Qxa6 38. Rxe3 dxe3 39. Qxe3 Rg7 40. Qxe5
Qh6 41. Rf1 Rd2 42. Rf8# 1-0